V akci Interbrig I. /
První díl z krimi série „V akci Interbrig“ přináší detektivní novely z doby těsně po tzv. Sametové revoluci, z éry spojené s nástupem divokého kapitalismu, nekritickým směřováním ke konzumní společnosti a vzýváním kultu peněz.
Uloženo v:
| Hlavní autor: | |
|---|---|
| Médium: | E-kniha |
| Jazyk: | Czech |
| Vydáno: |
Praha :
E-knihy jedou,
2019
|
| Tagy: |
Žádné tagy |
| LEADER | 01203nam a22002297i 4500 | ||
|---|---|---|---|
| 001 | 311097 | ||
| 007 | ta | ||
| 008 | 260601s2019 xr ||||| |||| 00| 0 cze d | ||
| 020 | |a 9990002019975 | ||
| 044 | |a xr | ||
| 100 | 1 | |a Kocian, Jiljí |4 aut | |
| 245 | 1 | 0 | |a V akci Interbrig I. / |c Kocian, Jiljí |
| 264 | 1 | |a Praha : |b E-knihy jedou, |c 2019 | |
| 300 | |a 1 online zdroj (130 stran) | ||
| 336 | |a text |b txt |2 rdacontent | ||
| 337 | |a bez média |b n |2 rdamedia | ||
| 338 | |a online zdroj |b cr |2 rdacarrier | ||
| 520 | 2 | |a První díl z krimi série „V akci Interbrig“ přináší detektivní novely z doby těsně po tzv. Sametové revoluci, z éry spojené s nástupem divokého kapitalismu, nekritickým směřováním ke konzumní společnosti a vzýváním kultu peněz. | |
| 910 | |a RBIT002 | ||
| 998 | |d 201997 |a https://core.palmknihy.cz/api/books/201997/cover?pzf8lm |b https://core.palmknihy.cz/api/books/201997/cover/400?pzf8lm |c https://core.palmknihy.cz/api/books/201997/cover/50?pzf8lm |e |g 130 |i 9990002019975 |j https://core.palmknihy.cz/api/books/201997/preview.epub |k https://core.palmknihy.cz/api/books/201997/preview.pdf |l |q 49 |r 1 |s https://www.palmknihy.cz/kniha/201997 |t ebook |y 2019 |z 1 | ||
| 999 | |d 311095 | ||